Can you create the Norse cosmos? : an interactive mythological adventure / Gina Kammer.
"You are the mighty god Odin. You dream of building new worlds, learning about magic, and gaining great knowledge and wisdom. But realizing these dreams won't be easy. You will need to face powerful giants, fearsome monsters, and make great personal sacrifices. Can you find a way overcome the obstacles, create the Cosmos, and truly become the All-father? YOU CHOOSE how your story will be told. The choices you make will lead to your glory-or your ultimate fate!"-- Provided by publisher.
Record details
- ISBN: 9781666337723
- ISBN: 1666337722
- ISBN: 9781666337730
- ISBN: 1666337730
- Physical Description: 112 pages : illustrations (some color) ; 20 cm
- Publisher: North Mankato, Minnesota : Capstone Press, a Capstone imprint, [2022]
Content descriptions
| General Note: | "37 choices, 18 endings" -- Cover. |
| Bibliography, etc. Note: | Includes bibliographical references. |
| Formatted Contents Note: | Fire and ice -- The worlds of gods and giants -- The eye in the wall -- Odin and the world tree -- Creating the cosmos. |
| Target Audience Note: | Ages 8-12 Capstone Press. |
Search for related items by subject
| Subject: | Mythology, Norse > Juvenile literature. |
| Genre: | Juvenile works. Choose-your-own stories. |
Search for related items by series
Available copies
- 1 of 1 copy available at scottsboropl.
Holds
- 0 current holds with 1 total copy.
Show Only Available Copies
| Location | Call Number / Copy Notes | Barcode | Shelving Location | Status | Due Date |
|---|---|---|---|---|---|
| scottsboropl | J 398.2 Kam | 32269001217184 | Juvenile - NonFiction | Available | - |
| LDR | 02868cam a22005658i 4500 | ||
|---|---|---|---|
| 001 | 161178 | ||
| 003 | SBPL | ||
| 005 | 20230622162814.0 | ||
| 008 | 220428s2022 mnua j b 000 0 eng | ||
| 010 | . | ‡a 2022008790 | |
| 020 | . | ‡a9781666337723 ‡q(hardcover) | |
| 020 | . | ‡a1666337722 | |
| 020 | . | ‡a9781666337730 ‡q(paperback) | |
| 020 | . | ‡a1666337730 | |
| 035 | . | ‡a(OCoLC)1296419039 ‡z(OCoLC)1296265308 ‡z(OCoLC)1296268529 ‡z(OCoLC)1296402622 ‡z(OCoLC)1296403210 ‡z(OCoLC)1296403349 | |
| 050 | 0 | 0. | ‡aBL860 ‡b.K26 2022 |
| 082 | 0 | 0. | ‡a398.209368 ‡223/eng20220716 |
| 100 | 1 | . | ‡aKammer, Gina, ‡eauthor. |
| 245 | 1 | 0. | ‡aCan you create the Norse cosmos? : ‡ban interactive mythological adventure / ‡cGina Kammer. |
| 264 | 1. | ‡aNorth Mankato, Minnesota : ‡bCapstone Press, a Capstone imprint, ‡c[2022] | |
| 300 | . | ‡a112 pages : ‡billustrations (some color) ; ‡c20 cm | |
| 336 | . | ‡atext ‡btxt ‡2rdacontent | |
| 337 | . | ‡aunmediated ‡bn ‡2rdamedia | |
| 338 | . | ‡avolume ‡bnc ‡2rdacarrier | |
| 490 | 1 | . | ‡aYou choose: ancient Norse myths |
| 500 | . | ‡a"37 choices, 18 endings" -- Cover. | |
| 504 | . | ‡aIncludes bibliographical references. | |
| 505 | 0 | . | ‡aFire and ice -- The worlds of gods and giants -- The eye in the wall -- Odin and the world tree -- Creating the cosmos. |
| 520 | . | ‡a"You are the mighty god Odin. You dream of building new worlds, learning about magic, and gaining great knowledge and wisdom. But realizing these dreams won't be easy. You will need to face powerful giants, fearsome monsters, and make great personal sacrifices. Can you find a way overcome the obstacles, create the Cosmos, and truly become the All-father? YOU CHOOSE how your story will be told. The choices you make will lead to your glory-or your ultimate fate!"-- ‡cProvided by publisher. | |
| 521 | . | ‡aAges 8-12 ‡bCapstone Press. | |
| 650 | 0. | ‡aMythology, Norse ‡vJuvenile literature. | |
| 655 | 7. | ‡aJuvenile works. | |
| 655 | 7. | ‡aChoose-your-own stories. ‡2lcgft | |
| 830 | 0. | ‡aYou choose books. ‡pYou choose Ancient Norse myths. | |
| 901 | . | ‡a161178 ‡bAUTOGEN ‡c161178 ‡tbiblio | |